Dejiny filozofie

Guardado en:
Detalles Bibliográficos
Autor principal: Hudeček, Theodor
Otros Autores: Leško, Vladimír, Mihina, František
Formato: Libro
Lenguaje:eslovaco
Publicado: Košice Univerzita P.J. Šafárika 1992
Materias:
Etiquetas: Agregar Etiqueta
Sin Etiquetas, Sea el primero en etiquetar este registro!

MARC

LEADER 00000nam a2200000 4500
001 c002753
005 20260105113842.8
020 |a 80-7097-163-0 
041 0 |a slo 
044 |a SK 
245 1 0 |a Dejiny filozofie  |c Theodor Hudeček, Vladimír Leško, František Mihina 
264 1 |a Košice  |b Univerzita P.J. Šafárika  |c 1992 
300 |a 328 s. 
610 2 0 |a filozofia 
610 2 0 |a dejiny filozofie 
100 1 |a Hudeček, Theodor 
700 1 |a Leško, Vladimír 
700 1 |a Mihina, František